Spanische Inseln – Sudden Death - Statistiken

Allgemein
  • Dieses Quiz wurde 9.530 mal gespielt
  • Das Durchschnittsergebnis liegt bei 8 aus 11
Answers on the Grid
Answers color-coded by a green-red scale on the quiz's grid according to % correct below.
Gran Canaria
Mallorca
Teneriffa
Fuerteventura
Lanzarote
La Palma
Menorca
Ibiza
La Gomera
El Hierro
Formentera
Hispaniola
Java
Antigua
Aruba
Malta
Korsika
St. Helena
Bermuda
Juist
Madeira
 
Antwortstatistiken
Antwort % Korrekt
Mallorca
88%
Ibiza
85%
Teneriffa
84%
Fuerteventura
81%
Gran Canaria
81%
La Palma
79%
Menorca
78%
Lanzarote
74%
Formentera
64%
La Gomera
62%
El Hierro
52%
Keine übereinstimmenden Quizze gefunden
Verteilung der Resultate
Anzahl Personen mit jedem Resultat
Perzentil nach korrekt beantworteten Fragen
Ihre Resultats-Entwicklung
Sie haben dieses Quiz noch nicht gespielt